01306nam a22001097a 4500100006300000245006600063260003000129300000800159500095500167700004101122856003301163 aRoheen Qamara17MSCS18aSupervisor Dr. Fareed Ahmed Jokhio aClassification of ddos attack using artificial neural network aNawabshah:bQUEST,c2019. a49p aABSTRACT Distributed Denial of Service (DDoS) attack is one of the well-known threats to any computer or Internet Service. DDoS attack is an attempt to make a network resource or internet unavailable to its intended users. Internet is running on a large numbers servers kept in data centers. When a server or its network is overloaded with users request then the server or networks stop functioning properly and deny service to the genuine requests. As the internet growing we face large amount of cyber-attack. This research work presents the DDoS attack through various angles including we first recognize different kinds of DDoS attacks and then propose a new methodology to develop a Model for detecting the DDoS attacks using Neural Networks. We used three ANN networks and compare them to detect the DDoS attack. Keywords: DDoS Attack, Feed forward Neural Network, Case Case Forward Neural Network, Fitting Neural Network, KDD Cup dataset.  aDepartment of Information Technology uhttps://tinyurl.com/mr2wpepb